Introduction to Financial Management

Saved in:
Bibliographic Details
Main Author: Jones, Charles P.
Format: Book
Language:English
Published: Homewood IRWIN 1992
Edition:1. ed.
Subjects:
Tags: Add Tag
No Tags, Be the first to tag this record!

MARC

LEADER 00000nam a2200000 4500
001 c009596
005 20221206084743.0
020 |a 0-256-07311-2 
041 0 |a eng 
044 |a US 
245 1 0 |a Introduction to Financial Management  |c Charles P. Jones 
250 |a 1. ed. 
264 1 |a Homewood  |b IRWIN  |c 1992 
300 |a 704 s. 
610 2 0 |a manažment finančný 
610 2 0 |a trh finančný 
610 2 0 |a trh kapitálový 
610 2 0 |a investície 
610 2 0 |a rozhodovanie finančné 
100 1 |a Jones, Charles P.